000
00229nam a2200109Ia 4500
008
210707s9999 xx 000 0 und d
041
_a
eng
082
_a
CD94
100
_a
EFY
245
_a
E pages 2003
906
_a
2003 E pages
999
_c
177128
_d
177128